000 00623nam a2200193 a 4500
001 000020217
005 20200929170322.0
008 100728s1990 mx a 000 0 spa d
020 _a9681320387
040 _aDO-SdBNP
_bspa
_cBNPHU
082 _axxx
_bT693l
100 1 _aTorres Nova, Ricardo
_942817
245 1 3 _aLa conquista del Éverest /
_cRicardo Torres Nova ; colaborador Miguel Guzmán Peredo.
260 _aMéxio D.F. :
_bDiana,
_c1990.
300 _a215 p. :
_bil., graf. ;
_c24 cm.
500 _aIncluye datos biográficos del autor en las solapas
700 1 _aGuzmán Paredo, Miguel
_942818
049 _aBNPD
999 _c19722
_d19722